<?xml version="1.0" encoding="UTF-8"?>
<record
    xmlns:xsi="http://www.w3.org/2001/XMLSchema-instance"
    xsi:schemaLocation="http://www.loc.gov/MARC21/slim http://www.loc.gov/standards/marcxml/schema/MARC21slim.xsd"
    xmlns="http://www.loc.gov/MARC21/slim">

  <leader>00521nam a22001577a 4500</leader>
  <controlfield tag="003">OSt</controlfield>
  <controlfield tag="005">20151118163204.0</controlfield>
  <controlfield tag="008">151118b        xxu||||| |||| 00| 0 eng d</controlfield>
  <datafield tag="040" ind1=" " ind2=" ">
    <subfield code="c">RUA</subfield>
  </datafield>
  <datafield tag="082" ind1=" " ind2=" ">
    <subfield code="a">FIS &#x17A0;&#x17BD;&#x1799; 1992 B147 Or.1</subfield>
  </datafield>
  <datafield tag="100" ind1=" " ind2=" ">
    <subfield code="9">3897</subfield>
    <subfield code="a">&#x17A0;&#x17BD;&#x1799; &#x179C;&#x17B7;&#x1794;&#x17BB;&#x178F;&#x17D2;&#x179A;</subfield>
  </datafield>
  <datafield tag="245" ind1=" " ind2=" ">
    <subfield code="a">&#x1780;&#x17B6;&#x179A;&#x1792;&#x17D2;&#x179C;&#x17BE;&#x1793;&#x17C1;&#x179F;&#x17B6;&#x1791;&#x1782;&#x17D2;&#x179A;&#x17BD;&#x179F;&#x17B6;&#x179A;&#x1780;&#x17D2;&#x1793;&#x17BB;&#x1784;&#x1780;&#x17C4;&#x17C7;&#x179F;&#x17BC;&#x1791;&#x17B7;&#x1793; &#x1781;&#x17C1;&#x178F;&#x17D2;&#x178F;&#x1780;&#x17C6;&#x1796;&#x1784;&#x17CB;&#x1785;&#x17B6;&#x1798;</subfield>
  </datafield>
  <datafield tag="260" ind1=" " ind2=" ">
    <subfield code="a">Phnom Penh</subfield>
    <subfield code="b">RUA</subfield>
    <subfield code="c">1992</subfield>
  </datafield>
  <datafield tag="300" ind1=" " ind2=" ">
    <subfield code="a">120p.</subfield>
    <subfield code="b">ill.</subfield>
    <subfield code="c">29cm.</subfield>
  </datafield>
  <datafield tag="942" ind1=" " ind2=" ">
    <subfield code="2">ddc</subfield>
    <subfield code="c">FIS</subfield>
  </datafield>
  <datafield tag="999" ind1=" " ind2=" ">
    <subfield code="c">3622</subfield>
    <subfield code="d">3622</subfield>
  </datafield>
  <datafield tag="952" ind1=" " ind2=" ">
    <subfield code="0">0</subfield>
    <subfield code="1">0</subfield>
    <subfield code="2">ddc</subfield>
    <subfield code="4">0</subfield>
    <subfield code="6">FIS_&#x17A0;&#x17BD;&#x1799;_1992_000000000000000_B147_OR_1</subfield>
    <subfield code="7">0</subfield>
    <subfield code="9">17705</subfield>
    <subfield code="a">LBB</subfield>
    <subfield code="b">LBB</subfield>
    <subfield code="c">B147</subfield>
    <subfield code="d">2015-11-18</subfield>
    <subfield code="o">FIS &#x17A0;&#x17BD;&#x1799; 1992 B147 Or.1</subfield>
    <subfield code="p">RUA020756</subfield>
    <subfield code="r">2015-11-18</subfield>
    <subfield code="w">2015-11-18</subfield>
    <subfield code="y">FIS</subfield>
  </datafield>
  <datafield tag="952" ind1=" " ind2=" ">
    <subfield code="0">0</subfield>
    <subfield code="1">0</subfield>
    <subfield code="2">ddc</subfield>
    <subfield code="4">0</subfield>
    <subfield code="6">FIS_&#x17A0;&#x17BD;&#x1799;_1992_000000000000000_B147_OR_2</subfield>
    <subfield code="7">0</subfield>
    <subfield code="9">17706</subfield>
    <subfield code="a">LBB</subfield>
    <subfield code="b">LBB</subfield>
    <subfield code="c">B147</subfield>
    <subfield code="d">2015-11-18</subfield>
    <subfield code="o">FIS &#x17A0;&#x17BD;&#x1799; 1992 B147 Or.2</subfield>
    <subfield code="p">RUA020903</subfield>
    <subfield code="r">2015-11-18</subfield>
    <subfield code="w">2015-11-18</subfield>
    <subfield code="y">FIS</subfield>
  </datafield>
  <datafield tag="952" ind1=" " ind2=" ">
    <subfield code="0">0</subfield>
    <subfield code="1">0</subfield>
    <subfield code="2">ddc</subfield>
    <subfield code="4">0</subfield>
    <subfield code="6">FIS_&#x17A0;&#x17BD;&#x1799;_1992_000000000000000_B147_OR_3</subfield>
    <subfield code="7">0</subfield>
    <subfield code="9">17707</subfield>
    <subfield code="a">LBB</subfield>
    <subfield code="b">LBB</subfield>
    <subfield code="c">B147</subfield>
    <subfield code="d">2015-11-18</subfield>
    <subfield code="o">FIS &#x17A0;&#x17BD;&#x1799; 1992 B147 Or.3</subfield>
    <subfield code="p">RUA020831</subfield>
    <subfield code="r">2015-11-18</subfield>
    <subfield code="w">2015-11-18</subfield>
    <subfield code="y">FIS</subfield>
  </datafield>
  <datafield tag="952" ind1=" " ind2=" ">
    <subfield code="0">0</subfield>
    <subfield code="1">0</subfield>
    <subfield code="2">ddc</subfield>
    <subfield code="4">0</subfield>
    <subfield code="6">FIS_&#x17A0;&#x17BD;&#x1799;_1992_000000000000000_B147_OR_4</subfield>
    <subfield code="7">0</subfield>
    <subfield code="9">17708</subfield>
    <subfield code="a">LBB</subfield>
    <subfield code="b">LBB</subfield>
    <subfield code="c">B147</subfield>
    <subfield code="d">2015-11-18</subfield>
    <subfield code="o">FIS &#x17A0;&#x17BD;&#x1799; 1992 B147 Or.4</subfield>
    <subfield code="p">RUA020828</subfield>
    <subfield code="r">2015-11-18</subfield>
    <subfield code="w">2015-11-18</subfield>
    <subfield code="y">FIS</subfield>
  </datafield>
  <datafield tag="952" ind1=" " ind2=" ">
    <subfield code="0">0</subfield>
    <subfield code="1">0</subfield>
    <subfield code="2">ddc</subfield>
    <subfield code="4">0</subfield>
    <subfield code="6">FIS_&#x17A0;&#x17BD;&#x1799;_1992_000000000000000_B147_OR_5</subfield>
    <subfield code="7">0</subfield>
    <subfield code="9">17709</subfield>
    <subfield code="a">LBB</subfield>
    <subfield code="b">LBB</subfield>
    <subfield code="c">B147</subfield>
    <subfield code="d">2015-11-18</subfield>
    <subfield code="o">FIS &#x17A0;&#x17BD;&#x1799; 1992 B147 Or.5</subfield>
    <subfield code="p">RUA021048</subfield>
    <subfield code="r">2015-11-18</subfield>
    <subfield code="w">2015-11-18</subfield>
    <subfield code="y">FIS</subfield>
  </datafield>
  <datafield tag="952" ind1=" " ind2=" ">
    <subfield code="0">0</subfield>
    <subfield code="1">0</subfield>
    <subfield code="2">ddc</subfield>
    <subfield code="4">0</subfield>
    <subfield code="6">FIS_&#x17A0;&#x17BD;&#x1799;_1992_000000000000000_B147_OR_6</subfield>
    <subfield code="7">0</subfield>
    <subfield code="9">17710</subfield>
    <subfield code="a">LBB</subfield>
    <subfield code="b">LBB</subfield>
    <subfield code="c">B147</subfield>
    <subfield code="d">2015-11-18</subfield>
    <subfield code="o">FIS &#x17A0;&#x17BD;&#x1799; 1992 B147 Or.6</subfield>
    <subfield code="p">RUA020976</subfield>
    <subfield code="r">2015-11-18</subfield>
    <subfield code="w">2015-11-18</subfield>
    <subfield code="y">FIS</subfield>
  </datafield>
  <datafield tag="952" ind1=" " ind2=" ">
    <subfield code="0">0</subfield>
    <subfield code="1">0</subfield>
    <subfield code="2">ddc</subfield>
    <subfield code="4">0</subfield>
    <subfield code="6">FIS_&#x17A0;&#x17BD;&#x1799;_1992_000000000000000_B147_OR_7</subfield>
    <subfield code="7">0</subfield>
    <subfield code="9">17711</subfield>
    <subfield code="a">LBB</subfield>
    <subfield code="b">LBB</subfield>
    <subfield code="c">B147</subfield>
    <subfield code="d">2015-11-18</subfield>
    <subfield code="o">FIS &#x17A0;&#x17BD;&#x1799; 1992 B147 Or.7</subfield>
    <subfield code="p">RUA020450</subfield>
    <subfield code="r">2015-11-18</subfield>
    <subfield code="w">2015-11-18</subfield>
    <subfield code="y">FIS</subfield>
  </datafield>
  <datafield tag="952" ind1=" " ind2=" ">
    <subfield code="0">0</subfield>
    <subfield code="1">0</subfield>
    <subfield code="2">ddc</subfield>
    <subfield code="4">0</subfield>
    <subfield code="6">FIS_&#x17A0;&#x17BD;&#x1799;_1992_000000000000000_B147_OR_8</subfield>
    <subfield code="7">0</subfield>
    <subfield code="9">17712</subfield>
    <subfield code="a">LBB</subfield>
    <subfield code="b">LBB</subfield>
    <subfield code="c">B147</subfield>
    <subfield code="d">2015-11-18</subfield>
    <subfield code="o">FIS &#x17A0;&#x17BD;&#x1799; 1992 B147 Or.8</subfield>
    <subfield code="p">RUA020592</subfield>
    <subfield code="r">2015-11-18</subfield>
    <subfield code="w">2015-11-18</subfield>
    <subfield code="y">FIS</subfield>
  </datafield>
</record>
